Príjmové nerovnosti na Slovensku, ich meranie a vývoj v porovnaní krajín V4 bakalárska práca

Uložené v:
Podrobná bibliografia
Hlavný autor: Šinský, Šimon
Korporativný autor: Národohospodárska fakulta EU. Katedra hospodárskej politiky
Ďalší autori: Luptáčik, Mikuláš
Médium: Kniha
Jazyk:Slovak
Vydavateľské údaje: Bratislava 2020
Tagy: Pridať tag
Žiadne tagy, Buďte prvý, kto otaguje tento záznam!

MARC

LEADER 00000nbm a2200000 4500
001 0265670
005 20200804125802.7
041 0 |a slo 
044 |a SK 
245 1 0 |a Príjmové nerovnosti na Slovensku, ich meranie a vývoj v porovnaní krajín V4  |b bakalárska práca  |c Šimon Šinský ; školiteľ: Mikuláš Luptáčik 
264 1 |a Bratislava  |c 2020 
300 |a 62 s. 
100 1 |a Šinský, Šimon 
700 1 |a Luptáčik, Mikuláš 
710 2 |a Národohospodárska fakulta EU. Katedra hospodárskej politiky